Vista normal
Vista MARC
Entrada Personal Name
Número de registros utilizados en: 1
001 - CONTROL NUMBER
- control field: 16844
003 - CONTROL NUMBER IDENTIFIER
- control field: DLC
005 - DATE AND TIME OF LATEST TRANSACTION
- control field: 20250310160725.0
008 - FIXED-LENGTH DATA ELEMENTS
- fixed length control field: 941107n| acannaabn |a aaa c
010 ## - LIBRARY OF CONGRESS CONTROL NUMBER
- LC control number: nr 94037208
035 ## - SYSTEM CONTROL NUMBER
- System control number: (OCoLC)oca03715707
040 ## - CATALOGING SOURCE
- Original cataloging agency: NIC
- Language of cataloging: spa
- Transcribing agency: Mx-PuUPA
- Modifying agency: OCoLC
- Modifying agency: Mx-PuUPA
- Description conventions: rda
046 ## - SPECIAL CODED DATES
- Birth date: 1921
100 1# - HEADING--PERSONAL NAME
- Personal name: Astey V., Luis,
- Dates associated with a name: 1921-
374 ## - OCCUPATION
- Occupation: Autor
375 ## - GENDER
- Gender: hombre
377 ## - ASSOCIATED LANGUAGE
- Language code: spa
400 1# - SEE FROM TRACING--PERSONAL NAME
- Personal name: Astey, Luis,
- Dates associated with a name: 1921-
670 ## - SOURCE DATA FOUND
- Source citation: El ludus de nativitate de Benediktbeuern, 1970:
- Information found: t.p. (Luis Astey V.)
670 ## - SOURCE DATA FOUND
- Source citation: NIC local files (hdg.: Astey V., Luis, 1921-)